00481nam a2200157Ia 4500003000400000005001700004008004100021020001800062040000900080082001800089100002900107245009400136260005800230300001000288650002500298OSt20200709121356.0190216s9999||||xx |||||||||||||| ||und|| a9789381335048 coclc a658.15bIYE/F a Iyer, Chandra Hariharan 0aFinancial Management :bRecent Trends In Practical Applications /cChandra Hariharan Iyer bInternational Book House Pvt Ltd.,c2012.aAhmedabad: a1214p aFinancial Management